000 00763nac a22002417a 4500
001 BR7801034
003 BR-BrBNA
005 20240105114211.0
008 230509b bl.|||m| |||| 00| 0 por d
040 _aBR-BrBNA
_bpor
_cBiblioteca Nacional de Agricultura
072 _aH10
090 _aH10 BR7801034
100 1 _aCavalcante, R.D.
110 1 _aBayer do Brasil S.A., Sao Paulo, SP (Brasil)
245 1 _aCombate ao curuquere dos capinzais [Mocis latipes]
260 3 _aSao Paulo, SP (Brasil):
_c1977.
300 _a3 p.
490 _aBoletim Fitossanitario - Bayer do Brasil S.A. (Brazil)
_vno. 238
_xISSN 0100-4263
650 _aCURUQUERE
650 _aCONTROLE QUIMICO
909 _a202312
_bLúcia Elande
_c55
_dLúcia Elande
942 _2AGRIS
_n0
_cMS
999 _c267970
_d267970